Michail Gorbatschow empfing George Shultz, 14. April 1987 | Michail Gorbatschow sprach mit einer Delegation des Repräsentantenhauses des USA-Kongresses, 15. April 1987 (Запись № 7945650)

Подробности
000 -МАРКЕР
контрольное поле 01362nam0a22003011 4500
001 - ИДЕНТИФИКАТОР ЗАПИСИ
контрольное поле RU\NLR\INFOCOMM_195\5000071019
005 - ИДЕНТИФИКАТОР ВЕРСИИ
контрольное поле 20260406110634.0
035 ## - ДРУГИЕ СИСТЕМНЫЕ НОМЕРА
Идентификатор записи (NLR Aleph) 009374882
100 ## - ДАННЫЕ ОБЩЕЙ ОБРАБОТКИ
Данные общей обработки 20101228d1987 |||y0rusy50 ca
101 0# - ЯЗЫК РЕСУРСА
Язык текста, звукозаписи и т.д. немецкий
102 ## - СТРАНА ПУБЛИКАЦИИ ИЛИ ПРОИЗВОДСТВА
Страна публикации российская федерация
105 ## - ПОЛЕ КОДИРОВАННЫХ ДАННЫХ: ТЕКСТОВЫЕ МАТЕРИАЛЫ, МОНОГРАФИЧЕСКИЕ
Кодированные данные о монографическом текстовом документе y ||||000|y
200 1# - ЗАГЛАВИЕ И СВЕДЕНИЯ ОБ ОТВЕТСТВЕННОСТИ
Основное заглавие Michail Gorbatschow empfing George Shultz, 14. April 1987
-- Michail Gorbatschow sprach mit einer Delegation des Repräsentantenhauses des USA-Kongresses, 15. April 1987
210 ## - ПУБЛИКАЦИЯ, РАСПРОСТРАНЕНИЕ И ДР.
Место издания, распространения и т.д. M.
Имя издателя, распространителя и т. д. APN-Verl.
Дата издания, распространения и т.д. 1987
215 ## - ФИЗИЧЕСКАЯ ХАРАКТЕРИСТИКА
Специфическое обозначение материала и объем 15 с.
Размеры 19 см
300 ## - ОБЩИЕ ПРИМЕЧАНИЯ
Текст примечания На послед. с.: Прием М. С. Горбачевым Джорджа Шульца 14 апреля 1987 года. Беседа М. С. Горбачева с делегацией Палаты представителей Конгресса США 15 апреля 1987 года
686 ## - ИНДЕКСЫ ДРУГИХ КЛАССИФИКАЦИЙ
Индекс Ф61(2)273-419, 011.1
Код системы
686 ## - ИНДЕКСЫ ДРУГИХ КЛАССИФИКАЦИЙ
Индекс Т3(2)73-64(7США)
Код системы
686 ## - ИНДЕКСЫ ДРУГИХ КЛАССИФИКАЦИЙ
Индекс Т3(7США)63-64(2)
Код системы
702 #1 - ИМЯ ЛИЦА - ВТОРИЧНАЯ ОТВЕТСТВЕННОСТЬ
Код отношения Прочие
Материалы, к которым относится поле rus
Графика поля Латинская
Начальный элемент ввода Gorbačev
Часть имени, кроме начального элемента ввода M. S.
Дополнения к именам, кроме дат гос. деятель
Даты 1931-2022
Расширение инициалов личного имени Michail Sergeevič
Идентификатор авторитетной/нормативной записи RU\NLR\AUTH\77110387
Системный номер авторитетной/нормативной записи 93312
702 #1 - ИМЯ ЛИЦА - ВТОРИЧНАЯ ОТВЕТСТВЕННОСТЬ
Начальный элемент ввода Shultz
Часть имени, кроме начального элемента ввода G. P.
Даты 1920-
Расширение инициалов личного имени George Pratt
Код отношения Прочие
790 #1 - ИМЯ ЛИЦА - АЛЬТЕРНАТИВНАЯ ФОРМА
Системный номер авторитетной/нормативной записи z01702
Начальный элемент ввода Gorbatschow
Часть имени, кроме начального элемента ввода M.
Расширение инициалов личного имени Michail
Код отношения Автор идеи, слогана
801 #1 - ИСТОЧНИК ЗАПИСИ
Страна российская федерация
Организация NLR
Дата составления 20101228
801 #0 - ИСТОЧНИК ЗАПИСИ
Страна российская федерация
Организация NLR
Правила каталогизации PSBO
852 ## - МЕСТОНАХОЖДЕНИЕ И ШИФР ХРАНЕНИЯ
Идентификатор организации NLR
Шифр хранения (Call Number) Ир51 Д-4/588
942 ## - ДОПОЛНИТЕЛЬНЫЕ ЭЛЕМЕНТЫ ЗАПИСИ (АБИС)
Тип экземпляра АБИС Книга
980 ## - КОЛЛЕКЦИЯ
Название коллекции Национальная библиография
Экземпляры
Тип экземпляра Дата поступления Библиотека постоянного хранения Библиотека текущего хранения Место хранения Шифр хранения Штрих-код Статус не для выдачи
Книга 26.10.2013 РНБ (Московский) РНБ (Московский) Иностранный книжный фонд Ир51 Д-4/588 9374882-10